00294nam a2200121Ia 45000010005000000080041000050820023000461000011000692450024000802600024001049010029001289990015001572624241024s9999 xx 000 0 und d aRD/370.97293/ID19c aIDEICE 0aCarpeta Informativa bSanto Domingoc2008 a29/11/2012 10:43:29 a.m. c9154d9154